| 000 | 00808nas a2200253 4500 | ||
|---|---|---|---|
| 001 | BR8205230 | ||
| 003 | BR-BrBNA | ||
| 005 | 20231205085244.0 | ||
| 007 | ta | ||
| 008 | 230509b bl.|||p| |||| 00| 00por d | ||
| 040 |
_aBR-BrBNA _bpor _cBiblioteca Nacional de Agricultura |
||
| 041 | _a(Pt) | ||
| 072 | _aE10; E70 | ||
| 100 | 1 | _aAnon. | |
| 245 | 1 | _aSalario-minino e preco minimo do arroz [arroz beneficiado, grao curto tipo 2, arroz em casca, grao curto tipo 2, Rio Grande do Sul, Brasil] | |
| 650 | _aCOMERCIALIZACAO | ||
| 650 | _aARROZ | ||
| 650 | _aSALARIO MINIMO | ||
| 650 | _aPRECO MINIMO | ||
| 650 | _aRIO GRANDE DO SUL | ||
| 773 | 0 |
_tLavoura Arrozeira (Brazil) _xISSN 0023-9143 _g(Nov 1982), v. 35(339) p. 20 _wBR8205230 |
|
| 909 |
_a202311 _bLúcia _c55 _dLúcia Elande |
||
| 942 |
_2AGRIS _n0 _cANA |
||
| 999 |
_c110285 _d110285 |
||